Detalles MARC
| 000 -LEADER |
| campo de control de longitud fija |
05628cam a22005174i 4500 |
| 003 - IDENTIFICADOR DE NÚMERO DE CONTROL |
| campo de control |
PE-LiUPU |
| 005 - FECHA Y HORA DE LA ÚLTIMA TRANSACCIÓN |
| campo de control |
20250822102830.0 |
| 008 - DATOS DE LONGITUD FIJA--INFORMACIÓN GENERAL |
| campo de control de longitud fija |
1982 s1982 sp a rb 001 0 spa d |
| 020 ## - NÚMERO INTERNACIONAL ESTÁNDAR DEL LIBRO |
| Número Internacional Estándar del Libro |
8430109854 |
| Información calificativa |
(vol. I, II |
| 020 ## - NÚMERO INTERNACIONAL ESTÁNDAR DEL LIBRO |
| Número Internacional Estándar del Libro |
8430108963 |
| Información calificativa |
(vol. III) |
| 020 ## - NÚMERO INTERNACIONAL ESTÁNDAR DEL LIBRO |
| Número Internacional Estándar del Libro |
8430109196 |
| Información calificativa |
(vol. IV) |
| 040 ## - FUENTE DE CATALOGACIÓN |
| Centro catalogador/agencia de origen |
PE-LiUPU |
| Lengua de catalogación |
spa |
| Centro/agencia transcriptor |
PE-LiUPU |
| Normas de descripción |
rda |
| 041 1# - CÓDIGO DE IDIOMA |
| Código de lengua del texto/banda sonora o título independiente |
spa |
| Código de lengua original |
ita |
| 082 04 - NÚMERO DE LA CLASIFICACIÓN DECIMAL DEWEY |
| Número de clasificación |
230.03 |
| Cutter |
D545 |
| Número de edición |
23 |
| 245 00 - MENCIÓN DEL TÍTULO |
| Título |
Diccionario teológico interdisciplinar / |
| Mención de responsabilidad, etc. |
dirigido por Giuseppe Barbaglio, L. Pacomio, Fr. Ardusso, G. Ferretti, G. Ghiberti, G. Moioli, D. Mosso, G. Piana, L. Serenthà ; traducción de Alfonso Ortiz. |
| 246 3# - FORMA VARIANTE DEL TITULO |
| Título propio/Titulo breve |
Dizionario teologico interdisciplinare. |
| 250 ## - MENCION DE EDICION |
| Mención de edición |
1.ª edición en español. |
| 264 #1 - PRODUCCIÓN, PUBLICACIÓN, DISTRIBUCIÓN, FABRICACIÓN Y COPYRIGHT |
| Producción, publicación, distribución, fabricación y copyright |
Salamanca : |
| Nombre del de productor, editor, distribuidor, fabricante |
Ediciones Sígueme, |
| Fecha de producción, publicación, distribución, fabricación o copyright |
1982-1986. |
| 300 ## - DESCRIPCIÓN FÍSICA |
| Extensión |
4 volúmenes (varias paginaciones) : |
| Otras características físicas |
ilustraciones ; |
| Dimensiones |
25 cm |
| 336 ## - TIPO DE CONTENIDO |
| Término de tipo de contenido |
text |
| Fuente |
rdacontent |
| 337 ## - TIPO DE MEDIO |
| Nombre/término del tipo de medio |
unmediated |
| Fuente |
rdamedia |
| 338 ## - TIPO DE SOPORTE |
| Nombre/término del tipo de soporte |
volume |
| Fuente |
rdacarrier |
| 500 ## - NOTA GENERAL |
| Nota general |
Traducción del original italiano: *Dizionario teologico interdisciplinare* (Marietti, 1977). |
| 500 ## - NOTA GENERAL |
| Nota general |
Cada volumen incluye índices y bibliografía al final de los artículos. |
| 504 ## - NOTA DE BIBLIOGRAFÍA, ETC. |
| Nota de bibliografía, etc. |
Incluye referencias bibliográficas. |
| 505 0# - NOTA DE CONTENIDO CON FORMATO |
| Título |
Vol. 1: |
| Nota de contenido con formato |
Condiciones actuales de las disciplinas teológicas -- Vida de fe e provocación cultural -- Teología espiritual -- Liturgia -- Derecho canónico -- Filosofía de la religión -- Teología fundamental -- Acontecimiento cristiano y tradición -- Teología e historia de la iglesia -- Teología dogmática -- Teología moral -- Acto humano -- Alma y cuerpo -- Amistad y amor -- Analogía -- Ángeles y demonios -- Año litúrgico -- Apocalíptica como teología -- Apóstol - apostolicidad de la iglesia -- Aristotelismo -- Asamblea litúrgica -- Ateísmo -- Atributos de Dios -- Bautismo -- Bienaventuranza - condenación. |
| 505 0# - NOTA DE CONTENIDO CON FORMATO |
| Título |
Vol. 2: |
| Nota de contenido con formato |
Carismas y ministerios -- Celebración - fiesta -- Cognoscibilidad de Dios -- Comunicación -- Comunidad primitiva -- Comunión -- Conciencia -- Confirmación -- Conversión -- Creación -- Credibilidad de la revelación cristiana -- Cristianismo: su trascendencia y sus pretensiones de absoluto -- Cristología -- Culto -- Culto a los santos -- Culturas -- Deuteronomio -- Dios -- Dogma -- Eclesiología -- Economía -- Ecumenismo -- Eucaristía -- Exégesis -- Exégesis y hermenéutica -- Existencia -- Existencialismo -- Familia -- Fe -- Fenomenología -- Hermenéutica y filosofía -- Hermenéutica y lenguaje. |
| 505 0# - NOTA DE CONTENIDO CON FORMATO |
| Título |
Vol. 3: |
| Nota de contenido con formato |
Historia de las religiones -- Historia (punto de vista filosófico) -- Historia-historicidad -- Hombre (antropología filosófica) -- Hombre (antropología teológica) -- Ideología -- Imagen -- Iniciación - catecumenado -- Jesucristo -- Juan -- Juego -- Justicia -- Justificación -- Laicado -- Ley moral -- Ley natural -- Liberación -- Libertad (aspecto histórico-filosófico) -- Libertad (aspecto teológico-moral) -- Liturgia de las horas -- Magisterio -- Mal -- Manipulación del hombre -- María -- Marxismo -- Matrimonio -- Mesianismo escatológico y aparición de Cristo -- Ministerio -- Misión -- Misterios de Cristo -- Moral fundamental -- Moral especial -- Muerte -- Naturaleza -- Neopositivismo y filosofía analítica -- Notas -- Opción fundamental -- Oración -- Orden -- Pablo -- Pecado -- Pecado original -- Penitencia -- Persona -- Personalismo -- Pertenencia a la iglesia -- Platonismo -- Poder -- Política -- Política y teología -- Praxis -- Predestinación -- Profetas del Antiguo Testamento -- Propiedad -- Prudencia -- Psicología de la religión -- Pudor -- Purgatorio. |
| 505 0# - NOTA DE CONTENIDO CON FORMATO |
| Título |
Vol. 4: |
| Nota de contenido con formato |
Redencionismo ilustrado -- Redención I. El gesto pascual del Redentor -- Redención II. La figura del Redentor -- Reflexión sapiencial -- Religión (fenomenología de la) -- Religión (en la moral) -- Religión e historia -- Religión (sociología de la) -- Religión (teología de la) -- Resurrección de Cristo -- Resurrección e inmortalidad -- Retribución -- Revelación -- Rito -- Romanticismo -- Sacerdoctal -- Sacramentos -- Secularización -- Sexualidad -- Signo-símbolo -- Sistemas morales -- Situación (ética de la) -- Sobrenatural -- Social -- Sociología de la religión -- Sustancia -- Teología de la restauración del judaísmo incipiente -- Teología de las religiones no cristianas -- Teología de los sinópticos -- Teología en la piedad, culto, oración, rito -- Teología y filosofía -- Trabajo -- Tradición -- Trascendental -- Trinidad -- Unción de los enfermos -- Utopía -- Vida -- Vida consagrada -- Violencia y no-violencia -- Virtudes morales -- Yahvista y Elohista -- El desarrollo de la teología católica en el siglo XX -- Perspectivas para una visión orgánica de la teología. |
| 650 14 - PUNTO DE ACCESO ADICIONAL DE MATERIA--TÉRMINO DE MATERIA |
| Término de materia o nombre geográfico como elemento de entrada |
Teología dogmática |
| Subdivisión general |
Diccionarios. |
| 9 (RLIN) |
6006 |
| 700 ## - ENTRADA AGREGADA--NOMBRE PERSONAL |
| Nombre de persona |
Ortiz, Alfonso, |
| Término indicativo de función/relación |
traductor. |
| 9 (RLIN) |
6579 |
| 700 ## - ENTRADA AGREGADA--NOMBRE PERSONAL |
| Nombre de persona |
Barbaglio, Giuseppe, |
| Término indicativo de función/relación |
editor. |
| 9 (RLIN) |
6666 |
| 700 ## - ENTRADA AGREGADA--NOMBRE PERSONAL |
| Nombre de persona |
Pacomio, Luciano, |
| Término indicativo de función/relación |
editor. |
| 9 (RLIN) |
6578 |
| 700 ## - ENTRADA AGREGADA--NOMBRE PERSONAL |
| Nombre de persona |
Ardusso, Fiorenzo, |
| Término indicativo de función/relación |
editor. |
| 9 (RLIN) |
6667 |
| 700 ## - ENTRADA AGREGADA--NOMBRE PERSONAL |
| Nombre de persona |
Ferretti, Giovanni, |
| Término indicativo de función/relación |
editor. |
| 9 (RLIN) |
6668 |
| 700 ## - ENTRADA AGREGADA--NOMBRE PERSONAL |
| Nombre de persona |
Ghiberti, Gianfranco, |
| Término indicativo de función/relación |
editor. |
| 9 (RLIN) |
6669 |
| 700 ## - ENTRADA AGREGADA--NOMBRE PERSONAL |
| Nombre de persona |
Moioli, Giovanni, |
| Término indicativo de función/relación |
editor. |
| 9 (RLIN) |
6670 |
| 700 ## - ENTRADA AGREGADA--NOMBRE PERSONAL |
| Nombre de persona |
Mosso, Domenico, |
| Término indicativo de función/relación |
editor. |
| 9 (RLIN) |
6671 |
| 700 1# - ENTRADA AGREGADA--NOMBRE PERSONAL |
| Nombre de persona |
Piana, Giannino, |
| Término indicativo de función/relación |
editor. |
| 700 ## - ENTRADA AGREGADA--NOMBRE PERSONAL |
| Nombre de persona |
Serenthà, Luigi, |
| Término indicativo de función/relación |
editor. |
| 9 (RLIN) |
6672 |
| 710 ## - ENTRADA AGREGADA--NOMBRE DE ENTIDAD CORPORATIVA |
| Nombre de entidad corporativa o nombre de jurisdicción como elemento de entrada |
Ediciones Sígueme, |
| Término indicativo de función/relación |
editor. |
| 9 (RLIN) |
6673 |
| 830 #0 - PUNTO DE ACCESO ADICIONAL DE SERIE-TÍTULO UNIFORME |
| Título uniforme |
Diccionario teológico interdisciplinar ; |
| Designación de volumen o secuencia |
Obra completa. |
| 942 ## - ELEMENTOS DE ENTRADA SECUNDARIOS (KOHA) |
| Fuente del sistema de clasificación o colocación |
Clasificación Decimal Dewey |
| Tipo de ítem Koha |
Libros físicos |
| 980 ## - EQUIVALENCIA O REFERENCIA-CRUZADA-MENCIÓN DE SERIE--NOMBRE DE PERSONA/TÍTULO [LOCAL, CANADÁ] |
| ID del usuario creador del registro |
21515 |
| Nombre del creador del registro |
ROMINA COBOS Adquisiciones |
| ID del último usuario que modificó el registro |
18226 |
| Nombre del último usuario que modificó el registro |
Jaime Vilcazán Jefe de Análisis Documental |